000 01172nam a22002177a 4500
999 _c57345
_d57345
003 Ge_BSU
005 20200527141351.0
008 200527s2016 ge ||||| |||| 00| 0 geo d
020 _a9789941942860
041 _ageo
080 _a343.431 მ-58
100 _aმესხი, მარინა
_96340
245 _a”ადამიანით ვაჭრობის (ტრეფიკინგის) სამართლებრივი ასპექტები და მასთან ბრძოლის მეთოდები” /
_cმარინა მესხი ; რედაქტორი ქეთევან ხუციშვილი.
264 _aთბილისი :
_bიურისტების სამყარო,
_c2016.
300 _a207 გვ. ;
_b20 სმ.
504 _aბიბლიოგრ. ტექსტის შენიშვნებში და გვ. 196-206.
653 _aადამიანით ვაჭრობა
653 _aსამართალი
700 _aხუციშვილი, ქეთევან
_eრედაქტორი
_95752
942 _2udc
_cBK